| 000 | 00911cam a22002897a 4500 | ||
|---|---|---|---|
| 003 | CHAP | ||
| 005 | 20220329135049.0 | ||
| 008 | 971013s1976 r 00010 d | ||
| 010 | _a30339 | ||
| 011 | _a31311 | ||
| 035 | _a35423 | ||
| 040 | _cCHAP | ||
| 082 |
_a583 _bC6 |
||
| 110 |
_aCorner, Edred John Henry _928077 |
||
| 245 | 1 | 4 | _aThe seeds of dicotyledons |
| 260 |
_aLondon : _bCambridge University, _c1976 |
||
| 300 |
_a2 v. _b: ilus. |
||
| 590 |
_aBATCH-UPD _b10 _c20130110 _lUCH01 _h1741 |
||
| 590 |
_aBATCH-UPD _b10 _c20130410 _lUCH01 _h1120 |
||
| 590 |
_aBATCH-UPD _b10 _c20130914 _lUCH01 _h1204 |
||
| 590 |
_aCONVERSION _b10 _c20130109 _lUCH01 _h1317 |
||
| 650 | 1 | 4 |
_aDicotiledóneas. _932483 |
| 901 | _aBK | ||
| 942 | _cLIBRO | ||
| 949 |
_a583 C6 _bBC _cLIBRO _d33724000454500 _eLIBRO _fv.2 _h57959 _i35423 _si _t12448.50 |
||
| 949 |
_a583 C6 _bBC _cLIBRO _d33724000454518 _eLIBRO _fv.1 _h57958 _i35423 _si _t12448.50 |
||
| 999 |
_c30339 _d30339 |
||